000 00681nam a22001575i 4500
001 154204
003 ES-MaACL
005 20230906205550.0
008 050719s1871 xxk | |||||||| ||eng d
040 _aCAM
_bspa
_cCAM
245 0 0 _aFurther reports from Her Majrdty's Diplomatic and Consular Agents abroad respecting the condition of the industrial classes and the purchase power of money in foreign countries.
260 _aLondon :
_b[s.n.],
_c1871 (
_fprinted by Harrison and Sons)
300 _a946 p. ;
_c25 cm.
500 _aPresented to both Houses of Parliament by Command of Her Majesty, 1871.
852 _aES-MaACL
_jG-13626
_z-- Enc. hol., conservando la enc. original
999 _c154204
_d154204